000 00306nam a2200133Ia 4500
005 20251222143143.0
008 251222s9999||||xx |||||||||||||| ||spa||
020 _a84-7432-906-X
082 _a370.114/H28
100 _aHaynes, Felicity
245 0 _aÉtica y Escuela:
264 _bGedisa
942 _cLIB
999 _c12385
_d12385